000 00342nam a2200133Ia 4500
005 20260328104316.0
008 260328s9999||||xx |||||||||||||| ||und||
100 _aGasparini, Graziano
245 0 _aArquitectura Popular de Venezuela /
_cGraziano Gasparini
260 _bArmitano
300 _a311 p.
650 _aARQUITECTURA
942 _cBK
999 _c11175
_d11175